Detalles MARC
| 000 -CABECERA |
| campo de control de longitud fija |
02678nam a2200301 i 4500 |
| 003 - IDENTIFICADOR DEL NÚMERO DE CONTROL |
| campo de control |
DO-SdBNP |
| 005 - FECHA Y HORA DE LA ÚLTIMA TRANSACCIÓN |
| campo de control |
20250611073819.0 |
| 007 - CAMPO FIJO DE DESCRIPCIÓN FÍSICA--INFORMACIÓN GENERAL |
| campo de control de longitud fija |
ta |
| 008 - DATOS DE LONGITUD FIJA--INFORMACIÓN GENERAL |
| campo de control de longitud fija |
240815s2023 dr d 000 j spa d |
| 020 ## - NÚMERO INTERNACIONAL ESTÁNDAR DEL LIBRO |
| Número Internacional Estándar del Libro |
9789945644562 |
| 040 ## - FUENTE DE LA CATALOGACIÓN |
| Centro catalogador/agencia de origen |
DO-SdBNP |
| Lengua de catalogación |
spa |
| Centro/agencia transcriptor |
BNPHU |
| Normas de descripción |
rda |
| 082 ## - NÚMERO DE LA CLASIFICACIÓN DECIMAL DEWEY |
| Número de edición |
22 |
| Número de documento/Ítem |
R426man |
| 110 1# - ENTRADA PRINCIPAL--NOMBRE DE ENTIDAD CORPORATIVA |
| Nombre de entidad corporativa o nombre de jurisdicción como elemento de entrada |
República Dominicana. |
| Unidad subordinada |
Ministerio de Salud Pública |
| 9 (RLIN) |
80830 |
| 245 10 - MENCIÓN DE TÍTULO |
| Título |
Manual para búsqueda activa de casos de tuberculosis: énfasis en población clave y grupos de riesgo / |
| 264 #1 - PRODUCCIÓN, PUBLICACIÓN, DISTRIBUCIÓN, FABRICACIÓN Y COPYRIGHT |
| Producción, publicación, distribución, fabricación y copyright |
Santo Domingo : |
| Nombre del de productor, editor, distribuidor, fabricante |
Mspas, |
| Fecha de producción, publicación, distribución, fabricación o copyright |
2023. |
| 300 ## - DESCRIPCIÓN FÍSICA |
| Extensión |
51 páginas, |
| Otras características físicas |
grafícas |
| Dimensiones |
22 cm. |
| 336 ## - TIPO DE CONTENIDO |
| Fuente |
rdacontent |
| Término de tipo de contenido |
texto |
| Código de tipo de contenido |
txt |
| 337 ## - TIPO DE MEDIO |
| Fuente |
rdamedia |
| Nombre/término del tipo de medio |
sin mediación |
| Código del tipo de medio |
n |
| 338 ## - TIPO DE SOPORTE |
| Fuente |
rdacarrier |
| Nombre/término del tipo de soporte |
volumen |
| Código del tipo de soporte |
nc |
| 500 ## - NOTA GENERAL |
| Nota general |
Libro en espiral. |
| 504 ## - NOTA DE BIBLIOGRAFÍA, ETC. |
| Nota de bibliografía, etc. |
Bibliografía p: 44. |
| 520 ## - SUMARIO, ETC. |
| Sumario, etc. |
La tuberculosis es un problema prioritario de salud pública; por lo que el Ministerio de Salud Pública y Asistencia Social (MISPAS) a través del Programa de Tuberculosis quien, en su rol de rectoría, es el responsable de conducir la respuesta nacional a esta enfermedad y diseña las estrategias e intervenciones para su prevención y control. Estas estrategias e intervenciones están incluidas en el Plan Decenal de Salud, la Estrategia Nacional de Desarrollo y los Objetivos de Desarrollo Sostenible (ODS) así como la Estrategia Fin de la Tuberculosis, donde se plantea al 2035 la reducción de la incidencia en < de 10 casos por 100,000 habitantes y cero muertes a causa de la Tuberculosis y cero sufrimientos a causa de la enfermedad (1). Como parte de las funciones esenciales de la salud pública y como responsables de la respuesta nacional a la TB, los entes gestores por su parte cumplen con un rol interrelacionado pero al mismo tiempo con un grado importante de defnición de estos papeles, a saber: El MISPAS, en su papel como rector del Sistema Nacional de Salud, es el garante de la Salud Pública de los dominicanos y dominicanas, por otro lado el SNS es responsable de garantizar la prestación de servicio acorde con los reglamentos, guías y protocolos establecidos por el MISPAS (1). En este manual se abordan las recomendaciones para la detección sistemática o búsqueda activa de la tuberculosis en diferentes poblaciones y pretende hacer una medición entre los beneficios y cómo los efectos deseables de la detección están por encima de los daños potenciales tal como se plantea en la guía de la OMS para grupos de riesgo y población clave |
| 590 ## - NOTA LOCAL (RLIN) |
| Nota local |
Inventariado, 2024/ YL |
| 650 #4 - PUNTO DE ACCESO ADICIONAL DE MATERIA--TÉRMINO DE MATERIA |
| Término de materia o nombre geográfico como elemento de entrada |
Tuberculosis |
| Subdivisión general |
Prevención y control |
| 9 (RLIN) |
79001 |
| 710 1# - PUNTO DE ACCESO ADICIONAL--NOMBRE DE ENTIDAD CORPORATIVA |
| Nombre de entidad corporativa o nombre de jurisdicción como elemento de entrada |
Ministerio de Salud Pública y Asistencia Social |
| 9 (RLIN) |
86348 |
| 910 ## - DATOS DE OPCIÓN DEL USUARIO (OCLC) |
| Datos de opción del usuario |
YLockward |
| 942 ## - ELEMENTOS DE PUNTO DE ACCESO ADICIONAL (KOHA) |
| Fuente del sistema de clasificación o colocación |
Dewey Decimal Classification |
| Tipo de ítem Koha |
Libro |